| 000 | 00533nam a22001937a 4500 | ||
|---|---|---|---|
| 005 | 20170906135951.0 | ||
| 010 | _aB-167902 | ||
| 020 |
_a8175344911 _c165.00 |
||
| 035 | _aB-167902 | ||
| 037 |
_aDPL _bENG |
||
| 082 | _a344.01 | ||
| 100 | _aKumar, H.L. | ||
| 245 |
_aLabour laws : _bEverybody should know / _cby H.L. Kumar |
||
| 250 | _a3rd ed | ||
| 260 |
_aNew Delhi _bUniversal Law Publishing _c2006(repr.) |
||
| 300 |
_axxi, 304p. _c22cm(pbk) |
||
| 500 | _aIncludes index | ||
| 942 |
_2ddc _cEN _h344.01 _mKUM |
||
| 999 |
_c144096 _d144096 |
||